Statistiques concernant Acronyme d'urbanisme

Cliquez ici pour prendre le quiz!

Statistiques générales

  • Ce quiz a été pris 28 fois
  • Le résultat moyen est 8 sur 35

Statistiques - réponses

HintRéponse% Correct
Le PLUPlan local d'urbanisme
95%
Le PLUIPlan local d'urbanisme intercommunal
84%
Le PLHPlan local de l'habitat
63%
Le SCotSchéma de cohérence territoriale
63%
Le DDDéveloppement durable
58%
Le PDUPlan de déplacement urbain
53%
Un PNRParc naturel régional
42%
Le PDMPlan de mobilité
42%
Le POSPlan d'occupation des sols
42%
Un PNParc naturel
37%
Une ZUPZone à urbaniser en priorité
32%
Une ZACZone d'aménagement concerté
32%
Un EPCIEtablissement public de coopération intercommunale
26%
Le RNURèglement national d'urbanisme
26%
La Loi SRUSolidarité et renouvellement urbain
21%
La loi NOTReNouvelle organisation territoriale de la république
16%
Le PCAETPlan climat air énergie territorial
16%
Le SDAUSchéma directeur d’aménagement et d’urbanisme
16%
L'ANCTAgence nationale de la cohésion des territoires
11%
Le SDRIFSchéma directeur de la région IDF
11%
Une ZADZone d'aménagement différé
11%
L'ATRAdministration territoriale de la république
5%
Le CPERContrat de plan Etat-Région
5%
La loi LomLoi d'orientation des mobilités
5%
La loi MAPTAMModernisation de l’action publique territoriale et d’affirmation des métropoles
5%
Le SARSchéma d'aménagement régional
5%
Le SRADDETSchéma régional d'aménagement et de développement durable du territoire
5%
La loi ALURl’accès au logement et urbanisme rénové
0%
La loi Voynet/LOADDTOrientation pour l’aménagement et le développement durable du territoire
0%
Le PADDPlan d'aménagement et développement durbale
0%
Le PRPGDPlan régional de prévention et de gestion des déchets
0%
La loi RCTRéforme de collectivité territoriale
0%
Le SRDEIISchéma régional de développement économique, d'innovation et d'internationalisation
0%
Le SRITSchéma régional des infrastructures et des transports
0%
Le SRCAESchéma régional du climat air énergie
0%

Distribution des résultats

Percentile par nombre de réponses

% des personnes avec chaque résultat

Votre développement - résultats

Vous n’avez pas pris ce quiz